Statistics for Teams Iowa Football has beaten since 2006

Click here to take the quiz!

General Stats

  • This quiz has been taken 82 times
  • The average score is 18 of 38

Answer Stats

HintAnswer% Correct
8Iowa State
100%
5Michigan
96%
5Michigan State
95%
1Ohio State
94%
4Penn State
92%
10Minnesota
88%
7Indiana
87%
6Nebraska
87%
8Illinois
86%
2Maryland
86%
1Rutgers
86%
4Wisconsin
86%
7Purdue
84%
5Northwestern
81%
1Missouri
61%
4Northern Iowa
51%
1Mississippi State
39%
1Arizona
38%
4Northern Illinois
36%
1Georgia Tech
34%
1South Carolina
34%
3Pittsburgh
31%
1Boston College
27%
2Ball State
23%
1Western Michigan
22%
2North Texas
19%
2Syracuse
19%
1Wyoming
19%
1Arkansas State
14%
1Miami Ohio
14%
1Illinois State
13%
1Montana
9%
1Eastern Illinois
8%
1Louisiana-Monroe
6%
1Maine
6%
1Missouri-State
4%
1Tennessee Tech
4%
1Florida International
3%

Score Distribution

Percentile by Number Answered

Percent of People with Each Score

Your Score History

You have not taken this quiz